| 000 | 00663cam a22002171 4500 | ||
|---|---|---|---|
| 001 | af 48004498 | ||
| 003 | DLC | ||
| 005 | 20260227110908.0 | ||
| 008 | 751117s1944 gw 000 0 ger c | ||
| 010 | _aaf 48004498 | ||
| 035 | _a(OCoLC)1839706 | ||
| 040 |
_aYale Univ. Library _cScU _dDLC |
||
| 042 | _apremarc | ||
| 050 | 0 | 0 |
_aPT2359.H2 _bM8 |
| 100 | 1 |
_aMṳller, Ernst, _d1889- |
|
| 245 | 0 | 0 |
_aHo̤lderlin ; _bStudien zur Geschichte seines Geistes. |
| 260 |
_aStuttgart, _bW. Kohlhammer _c[1944] |
||
| 300 |
_avi,691 p. _c20 cm. |
||
| 504 | _aBibliographical references included in "Anmerkungen" (p.[627)-687) | ||
| 600 | 1 | 0 |
_aHölderlin, Friedrich, _d1770-1843. |
| 999 |
_c6075 _d6075 |
||